| 000 | 00455nam a2200169Ia 4500 | ||
|---|---|---|---|
| 008 | 230524s9999 xx 000 0 und d | ||
| 082 |
_a612 _bWHI |
||
| 100 |
_aAbraham White _923881 |
||
| 245 | 0 | _aPrinciples of Bio-Chemistry | |
| 250 | _a6TH | ||
| 260 |
_aNEW DELHI _bTMH _c2004 |
||
| 300 | _aVII;1380 | ||
| 500 | _aQuantity Number: 1 | ||
| 650 | _aBiomedical | ||
| 700 |
_a"Philip Handler,Emil L.Smith,R.L.Hill , I.R.Lehman," _923882 |
||
| 942 | _cBK | ||
| 999 |
_c35345 _d35345 |
||